County Durham Train Stations - Statistics

General Stats
  • This quiz has been taken 57 times
  • The average score is 12 of 18
Answer Stats
Station % Correct
Durham
100%
Darlington
97%
Chester-le-Street
94%
Stockton
88%
Bishop Auckland
85%
Hartlepool
85%
Newton Aycliffe
74%
Seaham
74%
Eaglescliffe
65%
Billingham
62%
Shildon
59%
Seaton Carew
56%
Teesside Airport
56%
Horden
53%
Allens West
50%
Dinsdale
50%
Heighington
50%
North Road
50%
No matching quizzes found
Score Distribution
Percent of People with Each Score
Percentile by Number Answered
Your Score History
You have not taken this quiz